000 00535nmm a2200181Ia 4500
008 251105s9999||||xx |||||||||||||||||und||
020 _a9789580611455
041 _aspa
100 _aMartínez Duarte, J. C.
245 0 _aMockus: ¿Una Nueva Colombia?
264 _a[Bogotá, Colombia] :
_bOveja Negra,
_c2010
300 _a128 páginas
650 _aPolitical Science (General)
700 _aMartínez Duarte, J. C.
700 1 _a Ortiz Abella, J. G.
856 _uhttps://public.digitaliapublishing.com/a/20951
942 _cCF
999 _c68462
_d68462